Chemical economics handbook.

Guardado en:
Autor Corporativo: Stanford Research Institute.
Formato: Libro
Idioma:English
Publicado: Menlo Park, Calif. : Stanford Research Institute (SRI), c1969-.
Materias:
Etiquetas: Agregar Etiqueta
Sin Etiquetas, Sea el primero en etiquetar este registro!
LEADER 02100nam a22003495a 4500
001 EIQ.libpla002019
008 070327s1969####cau######f####000#0#eng#d
005 20070327191505.0
245 0 0 |a Chemical economics handbook. 
260 |a Menlo Park, Calif. :  |b Stanford Research Institute (SRI),  |c c1969-. 
300 |a 33 v. (hojas sustituibles) ;  |c 28 cm. 
505 0 |a [v.l.] Introduction, index, growth factors. - [v.2.]. Economic indicators. 100-199. [v.3]. Industries: agriculture, mining, construction. 200-218. - [v.4]. Industries: manufacturing. 219-299. [v.5-6] Petrochemicals: Primary. 300-399. - [v.7-18]. Chemical product groups. 500-599. - [v. 19-24]. Organic chemicals. 600-699. - [v.25-32.]. Inorganic chemicals. 700-799. - [v.33] Manual of current indicators, supplemental data. 
710 2 |a Stanford Research Institute. 
650 4 |a Industria química  |z Estados Unidos. 
650 4 |a Industria química  |x Handbooks, manuales, etc. 
650 4 |a Chemical industry  |z United States. 
650 4 |a Chemical industry  |x Handbooks, manuals, etc. 
040 |a AR-BbSID  |b spa  |c AR-BbSID 
859 |a AR-BbSID  |b BIB. PLAPIQUI  |h 330  |i St 24  |k R  |p 4995  |v 100-199  |3 100-199 
859 |a AR-BbSID  |b BIB. PLAPIQUI  |h 330  |i St 24  |k R  |p 5006  |v 200-299  |3 200-299 
859 |a AR-BbSID  |b BIB. PLAPIQUI  |h 330  |i St 24  |k R  |p 5007  |v 400-499  |3 400-499 
859 |a AR-BbSID  |b BIB. PLAPIQUI  |h 330  |i St 24  |k R  |p 4996  |v A-B  |3 A-B 
859 |a AR-BbSID  |b BIB. PLAPIQUI  |h 330  |i St 24  |k R  |p 4999  |v A-D  |3 A-D 
859 |a AR-BbSID  |b BIB. PLAPIQUI  |h 330  |i St 24  |k R  |p 5002  |v A-Fe  |3 A-Fe 
859 |a AR-BbSID  |b BIB. PLAPIQUI  |h 330  |i St 24  |k R  |p 4997  |v C-Pi  |3 C-Pi 
859 |a AR-BbSID  |b BIB. PLAPIQUI  |h 330  |i St 24  |k R  |p 5000  |v E-M  |3 E-M 
859 |a AR-BbSID  |b BIB. PLAPIQUI  |h 330  |i St 24  |k R  |p 5003  |v Fi-Pi  |3 Fi-Pi 
859 |a AR-BbSID  |b BIB. PLAPIQUI  |h 330  |i St 24  |k R  |p 4994  |v Index  |3 Index 
859 |a AR-BbSID  |b BIB. PLAPIQUI  |h 330  |i St 24  |k R  |p 5001  |v N-Z  |3 N-Z 
859 |a AR-BbSID  |b BIB. PLAPIQUI  |h 330  |i St 24  |k R  |p 5004  |v PI-Q  |3 PI-Q 
859 |a AR-BbSID  |b BIB. PLAPIQUI  |h 330  |i St 24  |k R  |p 4998  |v PI-Z  |3 PI-Z 
859 |a AR-BbSID  |b BIB. PLAPIQUI  |h 330  |i St 24  |k R  |p 5005  |v R-Z  |3 R-Z